Tennis - Classement ATP 2026 de 1 à 100 - Statistiques

Statistiques générales
  • Ce quiz a été pris 18 092 fois
    2 189 depuis la dernière actualisation
  • Le résultat moyen est 45 sur 100
Statistiques - réponses
Classement Nationalité Réponse % Correct
1 Espagne Carlos Alcaraz
100%
2 Italie Jannik Sinner
100%
4 Allemagne Alexander Zverev
99%
3 Serbie Novak Djokovic
99%
11 Russie Daniil Medvedev
93%
5 Italie Lorenzo Musetti
92%
6 Australie Alex De Minaur
91%
31 France Arthur Fils
91%
12 Norvège Casper Ruud
91%
10 Kazakhstan Alexander Bublik
89%
8 Etats-Unis Ben Shelton
89%
9 Canada Félix Auger-Aliassime
89%
16 Danemark Holger Rune
86%
7 Etats-Unis Taylor Fritz
86%
17 Russie Andrey Rublev
82%
26 Monaco Valentin Vacherot
79%
14 Royaume-Uni Jack Draper
74%
28 France Arthur Rinderknech
73%
42 Grèce Stefanos Tsitsipas
72%
33 France Corentin Moutet
71%
27 Etats-Unis Frances Tiafoe
71%
19 Argentine Francisco Cerundolo
70%
68 Argentine Juan-Manuel Cerundolo
70%
34 France Ugo Humbert
70%
13 Tchéquie Jakub Mensik
69%
35 Brésil Joao Fonseca
68%
20 Italie Flavio Cobolli
65%
15 Russie Karen Khachanov
65%
23 Tchéquie Jiri Lehecka
60%
22 Etats-Unis Tommy Paul
60%
41 Bulgarie Grigor Dimitrov
59%
18 Espagne Alejandro Davidovich-Fokina
58%
25 Royaume-Uni Cameron Norrie
57%
46 Belgique Zizou Bergs
56%
39 Canada Denis Shapovalov
53%
29 Pays-Bas Tallon Griekspoor
52%
49 Tchéquie Tomas Machac
51%
21 Italie Luciano Darderi
50%
69 Pologne Hubert Hurkacz
47%
51 Croatie Marin Cilic
47%
64 Italie Matteo Berrettini
47%
60 Argentine Sebastian Báez
47%
55 France Giovanni Mpetshi Perricard
46%
24 États-Unis Learner Tien
46%
48 Portugal Nuno Borges
46%
40 Chili Alejandro Tabilo
45%
30 Argentine Tomás Etcheverry
44%
47 France Adrian Mannarino
43%
36 Espagne Jaume Munar
42%
99 Suisse Stanislas Wawrinka
42%
38 Canada Gabriel Diallo
41%
58 France Térence Atmane
41%
94 France Hugo Gaston
37%
37 Etats-Unis Sebastian Korda
37%
78 France Alexandre Muller
36%
32 Etats-Unis Brandon Nakashima
35%
63 Bosnie-Herzégovine Damir Dzumhur
35%
44 Hongrie Fabian Marozsan
35%
59 Italie Lorenzo Sonego
34%
53 Hongrie Marton Fucsovics
32%
98 France Quentin Halys
31%
50 Australie Alexei Popyrin
30%
43 Etats-Unis Alex Michelsen
30%
52 Allemagne Daniel Altmaier
30%
62 Pérou Ignacio Buse
29%
74 Belgique Raphaël Collignon
29%
66 États-Unis Reilly Opelka
28%
56 Pays-Bas Botic Van De Zandschulp
27%
77 Allemagne Jan-Lennard Struff
27%
72 France Arthur Cazaux
26%
85 Italie Matteo Arnaldi
25%
93 Belgique Alexander Blockx
24%
81 Serbie Miomir Kecmanovic
24%
57 France Valentin Royer
23%
88 Kazakhstan Alexander Shevchenko
22%
92 Chili Cristian Garin
22%
86 Pays-Bas Jesper de Jong
22%
91 Espagne Roberto Bautista Agut
22%
76 Argentine Mariano Navone
19%
82 Allemagne Yannick Hanfmann
17%
45 États-Unis Jenson Brooksby
16%
54 Pologne Kamil Majchrzak
16%
65 Argentine Camilo Ugo Carabelli
15%
83 Argentine Francisco Comesana
15%
67 Etats-Unis Marcos Giron
15%
71 États-Unis Aleksandar Kovacevic
14%
70 États-Unis Ethan Quinn
14%
87 Royaume-Uni Jacob Fearnley
14%
61 Tchéquie Vít Kopriva
13%
90 Australie Adam Walton
12%
73 Argentine Thiago Tirante
12%
89 Australie Aleksandar Vukic
11%
79 États-Unis Emilio Nava
10%
84 Autriche Filip Misolic
8%
95 Argentine Román Burruchaga
8%
96 États-Unis Zachary Svajda
8%
80 Australie James Duckworth
7%
75 États-Unis Eliot Spizzirri
6%
100 États-Unis Patrick Kypson
5%
97 Espagne Carlos Taberner
3%
Aucun quiz correspondant
Distribution des résultats
% des personnes avec chaque résultat
Percentile par nombre de réponses
Votre historique - résultats
Vous n’avez pas pris ce quiz depuis la dernière actualisation